| 000 | 02091nam a22002777a 4500 | ||
|---|---|---|---|
| 001 | 9779 | ||
| 003 | FISKH | ||
| 005 | 20260224080942.0 | ||
| 008 | 260224b cb ||||| |||| 00| 0 eng d | ||
| 020 | _a9781398529489 | ||
| 040 |
_aFISKH _beng _cFISKH _dFISKH |
||
| 050 | _aPZ7.1 .R5936 .P | ||
| 082 | _a813.6 | ||
| 100 | _aRoberts, Lauren | ||
| 245 |
_aPowerless / _cLauren Roberts |
||
| 260 |
_aLondon : _bSimon & Schuster, _c2023. |
||
| 300 |
_a501, 10 pages : _bmap ; illustrations ; _c20 cm |
||
| 490 |
_aPowerless : _vBook One |
||
| 505 | _aR | ||
| 520 | _aShe is the very thing he's spent his whole life hunting. He is the very thing she's spent her whole life pretending to be. Only the extraordinary belong in the kingdom of Ilya�the exceptional, the empowered, the Elites. The powers these Elites have possessed for decades were graciously gifted to them by the Plague, though not all were fortunate enough to both survive the sickness and reap the reward. Those born Ordinary are just thatordinary. And when the king decreed that all Ordinaries be banished to preserve his Elite society, lacking an ability suddenly became a crimemaking Paedyn Gray a felon by fate and a thief by necessity. Surviving in the slums as an Ordinary is no simple task, and Paedyn knows this better than most. Having been trained by her father to be keenly observant since she was a child, Paedyn poses as a Psychic in the crowded city, blending in with the Elites as best she can to stay alive and out of trouble...easier said than done. When Paeydn unsuspectingly saves one of Ilya's princes, she finds herself thrown into the Purging Trials. The brutal competition exists to showcase the Elites' powersthe very thing Paedyn lacks. If the Trials and the opponents within them don't kill her, the prince she's fighting feelings for certainly will if he discovers what she is...completely Ordinary. | ||
| 521 | 8 |
_a750
_bLexile estimate |
|
| 521 | 8 |
_aR
_bRaz-Plus |
|
| 650 |
_aFantasy _vYoung Adult Fiction _xLove Triangle |
||
| 942 |
_2ddc _cBK _n0 |
||
| 999 |
_c9779 _d9779 |
||